[Event "Hull 4NCL op-A"]
[Site "Hull"]
[Date "2023.09.10"]
[Round "4"]
[White "Ther, Mate T"]
[Black "Krzyzanowski, Patryk"]
[Result "1/2-1/2"]
[WhiteElo "1988"]
[BlackElo "2090"]
[PlyCount "105"]
[EventDate "2023.09.08"]
[EventType "swiss"]
[EventRounds "5"]
[EventCountry "ENG"]
[SourceTitle "EXT 2024"]
[Source "ChessBase"]
[SourceDate "2023.10.10"]
[SourceVersion "1"]
[SourceVersionDate "2023.10.10"]
[SourceQuality "1"]

1. e4 c5 2. Nf3 g6 3. d4 cxd4 4. Nxd4 Nc6 5. c4 Nf6 6. Nc3 d6 7. Be2 Nxd4 8. Qxd4 Bg7 9. Be3 0-0 10. Qd2 a5 11. f3 a4 12. 0-0 Qa5 13. Rab1 Be6 14. Rfc1 Rfc8 15. b4 axb3 16. axb3 Qb4 17. Na4 Qxd2 18. Bxd2 Bd7 19. Nc3 Ra3 20. Kf1 h6 21. Ke1 g5 22. Bd3 Bc6 23. Be2 Nd7 24. b4 Nb6 25. b5 Bd7 26. Nd5 Nxd5 27. cxd5 Rxc1+ 28. Rxc1 Bd4 29. Bc4 f5 30. Rc2 fxe4 31. fxe4 Kg7 32. Bc1 Rc3 33. Rxc3 Bxc3+ 34. Ke2 Kf6 35. Be3 Be5 36. h3 h5 37. b6 g4 38. hxg4 Bxg4+ 39. Kd3 h4 40. Kd2 Bb2 41. Bb5 h3 42. gxh3 Bxh3 43. Bc6 Bc8 44. Be8 Ke5 45. Kd3 Bh3 46. Bc6 Bf1+ 47. Kc2 Bd4 48. Bxd4+ Kxd4 49. Bxb7 Kc5 50. Kd2 Kxb6 51. Bc8 Kc5 52. Ke3 Bc4 53. Be6 1/2-1/2

[Event "Harrogate 4NCL op-A 29th"]
[Site "Harrogate"]
[Date "2023.01.22"]
[Round "5"]
[White "Vickery, Jim"]
[Black "Ther, Mate T"]
[Result "0-1"]
[WhiteElo "1889"]
[BlackElo "1953"]
[PlyCount "62"]
[EventDate "2023.01.20"]
[EventType "swiss"]
[EventRounds "5"]
[EventCountry "ENG"]
[SourceTitle "CBM 212 Extra"]
[Source "ChessBase"]
[SourceDate "2023.03.31"]
[SourceVersion "1"]
[SourceVersionDate "2023.03.31"]
[SourceQuality "1"]

1. d4 Nf6 2. Nf3 d5 3. c4 e6 4. Nc3 dxc4 5. e4 Bb4 6. Bg5 h6 7. Bxf6 Qxf6 8. Bxc4 c5 9. e5 Qd8 10. Bb5+ Bd7 11. Bxd7+ Qxd7 12. dxc5 Bxc3+ 13. bxc3 Qxd1+ 14. Rxd1 Nd7 15. c6 bxc6 16. 0-0 Ke7 17. Rfe1 Rhd8 18. Nd4 Rac8 19. f4 Nb6 20. g3 Rd5 21. Nb3 Rcd8 22. Rd4 Kd7 23. Rc1 Kc7 24. Kf2 a5 25. Ke2 g6 26. Rxd5 Rxd5 27. c4 Rd8 28. a4 Nxa4 29. Nxa5 Nc5 30. Rb1 Ra8 31. Nb3 Ra2+ 0-1

[Event "Leamington Spa 4NCL op-A 28th"]
[Site "Leamington Spa"]
[Date "2022.07.10"]
[Round "4"]
[White "Gardiner, Eric D"]
[Black "Ther, Mate T"]
[Result "1/2-1/2"]
[WhiteElo "1902"]
[BlackElo "1966"]
[PlyCount "61"]
[EventDate "2022.07.08"]
[EventType "swiss"]
[EventRounds "5"]
[EventCountry "ENG"]
[SourceTitle "CBM 209 Extra"]
[Source "ChessBase"]
[SourceDate "2022.09.30"]
[SourceVersion "1"]
[SourceVersionDate "2022.09.30"]
[SourceQuality "1"]

1. e4 e5 2. Nf3 Nc6 3. d4 exd4 4. Nxd4 Nf6 5. Nc3 Bb4 6. Nxc6 bxc6 7. Bd3 d5 8. exd5 cxd5 9. 0-0 0-0 10. h3 c6 11. Qf3 Be6 12. Ne2 Qd7 13. Nd4 c5 14. c3 Ba5 15. Nf5 Ne4 16. Nxg7 Kxg7 17. Bxe4 dxe4 18. Bh6+ Kxh6 19. Qf6+ Kh5 20. Rfd1 Qb7 21. g4+ Bxg4 22. hxg4+ Kxg4 23. f3+ exf3 24. Qg7+ Kf5 25. Qxh7+ Ke6 26. Re1+ Kf6 27. Qh6+ Kf5 28. Qh5+ Kf6 29. Qh6+ Kf5 30. Qh5+ Kf6 31. Qh6+ 1/2-1/2

[Event "Leamington Spa 4NCL op-A 28th"]
[Site "Leamington Spa"]
[Date "2022.07.09"]
[Round "3"]
[White "Ther, Mate T"]
[Black "Bradbury, Neil H"]
[Result "0-1"]
[WhiteElo "1966"]
[BlackElo "2204"]
[PlyCount "54"]
[EventDate "2022.07.08"]
[EventType "swiss"]
[EventRounds "5"]
[EventCountry "ENG"]
[SourceTitle "CBM 209 Extra"]
[Source "ChessBase"]
[SourceDate "2022.09.30"]
[SourceVersion "1"]
[SourceVersionDate "2022.09.30"]
[SourceQuality "1"]

1. e4 c6 2. d4 d5 3. Nc3 dxe4 4. Nxe4 Nd7 5. Ng5 Ngf6 6. Bd3 e6 7. N1f3 Bd6 8. c3 h6 9. Ne4 Nxe4 10. Bxe4 Nf6 11. Bd3 0-0 12. Bd2 c5 13. dxc5 Bxc5 14. Qc2 Qc7 15. h3 b6 16. 0-0-0 Bb7 17. Rdf1 Rad8 18. Ne1 e5 19. Rhg1 e4 20. Be2 Rxd2 21. Qxd2 Rd8 22. Qc2 Qf4+ 23. Kb1 Rd2 24. Qc1 Qd6 25. b4 Rxe2 26. bxc5 Qxc5 27. Qd1 Nd5 0-1

[Event "Harrogate 4NCL op 27th"]
[Site "Harrogate"]
[Date "2022.01.21"]
[Round "1"]
[White "Waterfield, Mark"]
[Black "Ther, Mate T"]
[Result "1-0"]
[WhiteElo "1724"]
[BlackElo "2031"]
[PlyCount "99"]
[EventDate "2022.01.21"]
[EventType "swiss"]
[EventRounds "5"]
[EventCountry "ENG"]
[SourceTitle "CBM 206 Extra"]
[Source "ChessBase"]
[SourceDate "2022.03.31"]
[SourceVersion "1"]
[SourceVersionDate "2022.03.31"]
[SourceQuality "1"]

1. e4 e5 2. Nf3 Nc6 3. d4 exd4 4. Bc4 Nf6 5. e5 d5 6. Bb5 Ne4 7. Nxd4 Bc5 8. 0-0 0-0 9. Nxc6 Qh4 10. Be3 bxc6 11. Bxc6 Rb8 12. Qxd5 Bxe3 13. fxe3 Bf5 14. b3 Rbd8 15. Qa5 Bg6 16. Nc3 Nxc3 17. Qxc3 Qe7 18. Rad1 Qa3 19. Ra1 h6 20. Rf4 Qa6 21. a4 Qe2 22. Rf2 Rd1+ 23. Rxd1 Qxd1+ 24. Rf1 Qxc2 25. Qxc2 Bxc2 26. Bd5 c6 27. Bc4 g6 28. Rf6 Be4 29. e6 fxe6 30. Rxe6 Bd5 31. Bxd5 cxd5 32. Rxg6+ Kh7 33. Rd6 Rb8 34. Rxd5 Rxb3 35. Re5 Ra3 36. a5 Kg6 37. Kf2 Kf6 38. Rh5 Kg6 39. Rb5 Ra1 40. h3 Ra4 41. Kf3 Ra3 42. Rc5 Ra2 43. h4 Ra4 44. g3 Ra1 45. h5+ Kf6 46. e4 Ra2 47. Kg4 Ra1 48. Rc6+ Ke5 49. a6 Kxe4 50. Rxh6 1-0

[Event "Newcastle Northumbria Masters"]
[Site "Newcastle on Tyne"]
[Date "2021.08.30"]
[Round "8"]
[White "Willmoth, Robert"]
[Black "Ther, Mate T"]
[Result "1-0"]
[WhiteElo "2116"]
[BlackElo "1964"]
[PlyCount "63"]
[EventDate "2021.08.26"]
[EventType "swiss"]
[EventRounds "9"]
[EventCountry "ENG"]
[SourceTitle "CBM 204 Extra"]
[Source "ChessBase"]
[SourceDate "2021.11.30"]
[SourceVersion "1"]
[SourceVersionDate "2021.11.30"]
[SourceQuality "1"]

1. d4 Nf6 2. Nf3 e6 3. b3 b6 4. Bb2 Bb7 5. Nbd2 Be7 6. e3 c5 7. Bd3 0-0 8. Qe2 Nc6 9. a3 d5 10. 0-0 cxd4 11. exd4 Nd7 12. Rfd1 Bf6 13. Ne5 Ncxe5 14. dxe5 Be7 15. c4 Nc5 16. Bc2 Qe8 17. b4 Na4 18. Bd4 a5 19. bxa5 Rxa5 20. cxd5 Rxd5 21. Nc4 Ba6 22. Qe4 g6 23. Bxa4 b5 24. Ne3 Rxd4 25. Rxd4 bxa4 26. Ng4 Kg7 27. Qe3 f5 28. exf6+ Bxf6 29. Qh6+ Kg8 30. Nxf6+ Rxf6 31. Rad1 Rf8 32. Rd7 1-0

[Event "BCF-chT3N 1920 (4NCL)"]
[Site "England"]
[Date "2020.02.08"]
[Round "5.23"]
[White "Sheard, Martin"]
[Black "Ther, Mate T"]
[Result "1/2-1/2"]
[WhiteElo "1892"]
[BlackElo "1983"]
[PlyCount "44"]
[EventDate "2019.11.09"]
[EventType "team-swiss"]
[EventRounds "11"]
[EventCountry "ENG"]
[SourceTitle "EXT 2022"]
[Source "ChessBase"]
[SourceDate "2021.10.06"]
[SourceVersion "1"]
[SourceVersionDate "2021.10.06"]
[SourceQuality "1"]
[WhiteTeam "Shropshire II"]
[BlackTeam "Bradford DCA Knights"]
[WhiteTeamCountry "ENG"]
[BlackTeamCountry "ENG"]

1. Nf3 c5 2. c4 Nc6 3. d4 cxd4 4. Nxd4 g6 5. e4 Bg7 6. Be3 Nf6 7. Nc3 d6 8. Be2 0-0 9. 0-0 Bd7 10. Rc1 Ne5 11. f3 Rc8 12. b3 a6 13. Qd2 Re8 14. Nd5 Nc6 15. Nxc6 Rxc6 16. Qb4 Qb8 17. Nb6 Be6 18. Rfd1 Nd7 19. Nd5 Bxd5 20. cxd5 Rxc1 21. Rxc1 Rc8 22. Rxc8+ Qxc8 1/2-1/2

[Event "Harrogate 4NCL op 24th"]
[Site "Harrogate"]
[Date "2020.01.18"]
[Round "2"]
[White "Cohen, Aron"]
[Black "Ther, Mate T"]
[Result "1-0"]
[WhiteElo "2255"]
[BlackElo "1983"]
[PlyCount "63"]
[EventDate "2020.01.17"]
[EventType "swiss"]
[EventRounds "5"]
[EventCountry "ENG"]
[SourceTitle "CBM 194 Extra"]
[Source "ChessBase"]
[SourceDate "2020.03.31"]
[SourceVersion "1"]
[SourceVersionDate "2020.03.31"]
[SourceQuality "1"]

1. e4 e5 2. Nf3 Nc6 3. d4 exd4 4. Bc4 Bc5 5. Ng5 Nh6 6. Nxf7 Nxf7 7. Bxf7+ Kxf7 8. Qh5+ g6 9. Qxc5 Qe7 10. Qxe7+ Nxe7 11. c3 Re8 12. cxd4 Nc6 13. Be3 Rxe4 14. Nc3 Rxd4 15. Bxd4 Nxd4 16. 0-0-0 Ne6 17. h4 h6 18. Rh3 d6 19. Rf3+ Kg7 20. Nb5 Bd7 21. Nd4 Nxd4 22. Rxd4 Re8 23. Kd2 d5 24. Re3 Rxe3 25. Kxe3 Be6 26. Ra4 a6 27. Kd4 Kf6 28. Ra3 h5 29. b4 Bd7 30. Re3 Be6 31. a3 b6 32. Rc3 1-0

[Event "Hull 4NCL op"]
[Site "Hull"]
[Date "2019.11.03"]
[Round "5"]
[White "Chan, Sheng Liang Bernard"]
[Black "Ther, Mate T"]
[Result "1/2-1/2"]
[WhiteElo "1776"]
[BlackElo "2001"]
[PlyCount "126"]
[EventDate "2019.11.01"]
[EventType "swiss"]
[EventRounds "5"]
[EventCountry "ENG"]
[SourceTitle "CBM 192 Extra"]
[Source "Chessbase"]
[SourceDate "2019.11.06"]
[SourceVersion "1"]
[SourceVersionDate "2019.11.06"]
[SourceQuality "1"]

1. d4 Nf6 2. Nf3 e6 3. Bf4 c5 4. c3 cxd4 5. cxd4 b6 6. e3 Bb7 7. Be2 Be7 8. 0-0 Nh5 9. Bxb8 Rxb8 10. Ne5 Nf6 11. Qa4 a6 12. Bf3 b5 13. Qd1 Nd5 14. Nc3 Nxc3 15. bxc3 Bxf3 16. Qxf3 0-0 17. a4 f6 18. Nd3 bxa4 19. Rxa4 Rb3 20. Rxa6 Rxc3 21. Nf4 Qc7 22. g3 Rb8 23. h4 Qc4 24. Ra7 Rd8 25. Qe4 Bd6 26. Ra8 Rxa8 27. Qxa8+ Qc8 28. Qf3 Qc7 29. Nh5 Be7 30. Kg2 Qc6 31. Rb1 Bd6 32. Rb7 Bc7 33. Nf4 Bxf4 34. Qxc6 Rxc6 35. gxf4 Rd6 36. Kf3 Kf7 37. Rb8 h6 38. Kg4 Rd5 39. Rc8 Ra5 40. Rc7 Ke7 41. Rc2 Rb5 42. Ra2 Kf7 43. Kg3 Ke7 44. Ra4 f5 45. Ra8 Rb1 46. Kg2 Rb2 47. Ra5 Rb1 48. Ra3 Rb2 49. Rd3 d5 50. Ra3 Rb1 51. Ra2 Rb3 52. Ra1 Rb2 53. Rg1 Ra2 54. Rh1 Rb2 55. Rh2 Rb1 56. h5 Ra1 57. Kf3 Kf7 58. Ke2 Ra3 59. Kd2 Rb3 60. Kc2 Ra3 61. Kb2 Rd3 62. Kc1 Rc3+ 63. Kb2 Rd3 1/2-1/2

[Event "Newcastle Northumbria Masters"]
[Site "Newcastle on Tyne"]
[Date "2019.08.27"]
[Round "9"]
[White "Kanyamarala, Tarun"]
[Black "Ther, Mate T"]
[Result "1-0"]
[WhiteElo "2070"]
[BlackElo "1935"]
[PlyCount "103"]
[EventDate "2019.08.23"]
[EventType "swiss"]
[EventRounds "9"]
[EventCountry "ENG"]
[SourceTitle "EXT 2020"]
[Source "ChessBase"]
[SourceDate "2019.10.17"]
[SourceVersion "1"]
[SourceVersionDate "2019.10.17"]
[SourceQuality "1"]

1. Nf3 Nf6 2. c4 c5 3. g3 e6 4. Bg2 Nc6 5. 0-0 Be7 6. b3 0-0 7. Bb2 d5 8. e3 b6 9. Nc3 Bb7 10. Qe2 Bd6 11. Rfe1 Rc8 12. Rac1 Bb8 13. d3 Qe7 14. Red1 Rfd8 15. cxd5 exd5 16. d4 Nb4 17. Rd2 Ne4 18. Nxe4 dxe4 19. Ne1 Nxa2 20. Ra1 Nb4 21. dxc5 Rxd2 22. Qxd2 bxc5 23. Qc3 f6 24. Rd1 Qe6 25. Ba3 Be5 26. Qd2 Bc7 27. Bxb4 Rd8 28. Qxd8+ Bxd8 29. Rxd8+ Kf7 30. Bxc5 Qxb3 31. Bxa7 Ba6 32. Rd6 Bb5 33. Rb6 Qc4 34. Rb7+ Kg6 35. Bd4 Qb4 36. Bf1 Qxe1 37. Rxb5 Qc1 38. Rb2 Qd1 39. Ra2 h5 40. Ra1 Qc2 41. h4 Qb3 42. Bh3 Qc2 43. Ra5 Qd1+ 44. Kh2 Qf3 45. Rf5 Qe2 46. Rf4 Kh6 47. Bg2 Qd2 48. Bxe4 Qe2 49. Kg2 Qa6 50. Rf5 Qe6 51. Bd3 Qb3 52. Be2 1-0

[Event "Newcastle Northumbria Masters"]
[Site "Newcastle on Tyne"]
[Date "2019.08.25"]
[Round "4"]
[White "Ther, Mate T"]
[Black "French, Max"]
[Result "0-1"]
[WhiteElo "1935"]
[BlackElo "2228"]
[PlyCount "104"]
[EventDate "2019.08.23"]
[EventType "swiss"]
[EventRounds "9"]
[EventCountry "ENG"]
[SourceTitle "EXT 2020"]
[Source "ChessBase"]
[SourceDate "2019.10.17"]
[SourceVersion "1"]
[SourceVersionDate "2019.10.17"]
[SourceQuality "1"]

1. e4 c6 2. d4 d5 3. Nc3 dxe4 4. Nxe4 Bf5 5. Nc5 b6 6. Nb3 e6 7. Nf3 Nd7 8. g3 Ngf6 9. Bg2 Rc8 10. 0-0 Be7 11. Re1 0-0 12. c4 c5 13. Ne5 Nxe5 14. dxe5 Nd7 15. f4 Nb8 16. Be3 f6 17. Qd2 Qc7 18. Qe2 fxe5 19. Bd2 Rcd8 20. Bc3 Bf6 21. Bxe5 Bxe5 22. Qxe5 Qxe5 23. Rxe5 Nd7 24. Ree1 Nf6 25. Rad1 Kf7 26. h3 Bc2 27. Rc1 Bxb3 28. axb3 Rd2 29. Ra1 a5 30. Rad1 Rfd8 31. Rxd2 Rxd2 32. Re3 Rxb2 33. Bc6 Rd2 34. Kh1 Rd6 35. Bb7 Ng8 36. Kg2 Ne7 37. g4 Rd4 38. Kg3 a4 39. bxa4 Rxc4 40. Rb3 Rxa4 41. Rxb6 Rb4 42. Rxb4 cxb4 43. Kf3 b3 44. Be4 Nd5 45. f5 h6 46. Bd3 b2 47. Ke4 Nc3+ 48. Ke5 exf5 49. Kxf5 b1Q 50. Bxb1 Nxb1 51. g5 g6+ 52. Kf4 h5 0-1

[Event "Telford 4NCL op 22nd"]
[Site "Telford"]
[Date "2019.07.21"]
[Round "4"]
[White "Jones, Tibor"]
[Black "Ther, Mate T"]
[Result "1/2-1/2"]
[WhiteElo "1857"]
[BlackElo "1970"]
[PlyCount "162"]
[EventDate "2019.07.19"]
[EventType "swiss"]
[EventRounds "5"]
[EventCountry "ENG"]
[SourceTitle "EXT 2020"]
[Source "ChessBase"]
[SourceDate "2019.10.17"]
[SourceVersion "1"]
[SourceVersionDate "2019.10.17"]
[SourceQuality "1"]

1. d4 Nf6 2. c4 e6 3. Nf3 c5 4. d5 exd5 5. cxd5 d6 6. Nc3 g6 7. Bf4 Bg7 8. Qa4+ Bd7 9. Qb3 Qc7 10. e3 0-0 11. h3 a6 12. a4 Re8 13. Be2 Ne4 14. 0-0 Nxc3 15. bxc3 Bf5 16. Rad1 Nd7 17. Nh4 Nf6 18. Nxf5 gxf5 19. Rb1 Rab8 20. Bf3 b5 21. axb5 axb5 22. Ra1 Qb6 23. Ra2 Ra8 24. Rfa1 Rxa2 25. Qxa2 Nd7 26. Qa7 Rd8 27. Ra6 Qxa7 28. Rxa7 Bxc3 29. Bxd6 Ne5 30. Bxc5 b4 31. Rb7 h6 32. Bxb4 Nxf3+ 33. gxf3 Bxb4 34. Rxb4 Rxd5 35. Kg2 Kg7 36. Kg3 Kg6 37. Rb6+ f6 38. Rb8 Rd1 39. Rg8+ Kf7 40. Ra8 Kg6 41. Ra4 Rg1+ 42. Kh2 Rc1 43. Kg2 Kg5 44. Ra5 Kg6 45. e4 fxe4 46. fxe4 Rc3 47. Rd5 Rb3 48. Ra5 Rc3 49. Rb5 Ra3 50. f3 Ra2+ 51. Kg3 Ra1 52. h4 h5 53. Rb2 Ra5 54. Kf4 Rc5 55. Rb1 Ra5 56. Rc1 Rb5 57. Ra1 Rc5 58. Rd1 Ra5 59. Rd5 Ra1 60. e5 fxe5+ 61. Rxe5 Rh1 62. Kg3 Rg1+ 63. Kh2 Rb1 64. Rg5+ Kh6 65. Ra5 Kg6 66. Kg2 Rc1 67. Rb5 Rd1 68. Ra5 Rc1 69. Kf2 Rc4 70. Ra6+ Kg7 71. Kg3 Rb4 72. Re6 Rc4 73. Re4 Rc3 74. Kf4 Kf6 75. Ra4 Rc6 76. Ke4 Rc3 77. Ra6+ Kg7 78. Ra7+ Kf6 79. Ra6+ Kg7 80. Rd6 Ra3 81. Ke5 Rxf3 1/2-1/2

[Event "Telford 4NCL op 22nd"]
[Site "Telford"]
[Date "2019.07.20"]
[Round "3"]
[White "Ther, Mate T"]
[Black "Jones, Steven"]
[Result "0-1"]
[WhiteElo "1970"]
[BlackElo "2117"]
[PlyCount "68"]
[EventDate "2019.07.19"]
[EventType "swiss"]
[EventRounds "5"]
[EventCountry "ENG"]
[SourceTitle "EXT 2020"]
[Source "ChessBase"]
[SourceDate "2019.10.17"]
[SourceVersion "1"]
[SourceVersionDate "2019.10.17"]
[SourceQuality "1"]

1. e4 c5 2. Nf3 Nc6 3. d4 cxd4 4. Nxd4 Nf6 5. Nc3 e5 6. Ndb5 d6 7. Bg5 a6 8. Na3 Be6 9. Bxf6 gxf6 10. Bc4 b5 11. Bxe6 fxe6 12. Qh5+ Ke7 13. Nd1 Qe8 14. Qh4 Qg6 15. Ne3 Bh6 16. 0-0-0 Bg5 17. Qh3 Qxe4 18. Rhe1 b4 19. Nb1 Nd4 20. Rd3 Rac8 21. Kd1 Qc6 22. Rxd4 Bxe3 23. Rxe3 Qxc2+ 24. Ke1 Qxb1+ 25. Rd1 Rc1 26. Red3 Rxd1+ 27. Rxd1 Qe4+ 28. Kf1 Rc8 29. Qh6 Rg8 30. f3 Qc2 31. Rd2 Qb1+ 32. Kf2 Qg6 33. Qh3 Rc8 34. Qh4 a5 0-1

[Event "Basingstoke 4NCL Spring Bank 2nd"]
[Site "Basingstoke"]
[Date "2019.05.25"]
[Round "3"]
[White "Ther, Mate T"]
[Black "Ogunshola, Ben"]
[Result "0-1"]
[WhiteElo "1935"]
[BlackElo "2184"]
[PlyCount "58"]
[EventDate "2019.05.24"]
[EventType "swiss"]
[EventRounds "7"]
[EventCountry "ENG"]
[SourceTitle "CBM 190 Extra"]
[Source "ChessBase"]
[SourceDate "2019.07.15"]
[SourceVersion "1"]
[SourceVersionDate "2019.07.15"]
[SourceQuality "1"]

1. e4 c5 2. Nf3 d6 3. d4 cxd4 4. Nxd4 Nf6 5. f3 e5 6. Nb3 Be6 7. Be3 Qc7 8. Be2 Be7 9. 0-0 0-0 10. Nc3 a6 11. Qd2 Rc8 12. Rac1 Nbd7 13. Rfd1 Nb6 14. Bf1 d5 15. exd5 Nbxd5 16. Nxd5 Nxd5 17. Bf2 Rd8 18. c3 b5 19. Qe1 Nb6 20. Bg3 Bf6 21. Rxd8+ Rxd8 22. Rd1 Re8 23. Bd3 Na4 24. Qe2 g6 25. Re1 Rd8 26. Rd1 Rd7 27. Rd2 Qd8 28. h4 Bxb3 29. axb3 Nc5 0-1